[Event "Madrid Codes Memorial 7th"]
[Site "Madrid"]
[Date "2013.05.05"]
[Round "5"]
[White "Garcia De Quesada, Ignacio"]
[Black "Ruiz Sanchez, Roberto"]
[Result "0-1"]
[WhiteElo "1926"]
[BlackElo "1981"]
[PlyCount "82"]
[EventDate "2013.04.07"]
[EventType "swiss"]
[EventRounds "9"]
[EventCountry "ESP"]
[SourceTitle "EXT 2014"]
[Source "ChessBase"]
[SourceDate "2013.11.20"]
[SourceVersion "1"]
[SourceVersionDate "2013.11.20"]
[SourceQuality "1"]

1. d4 d5 2. c4 c6 3. Nf3 Nf6 4. e3 e6 5. Nc3 Nbd7 6. Bd2 Bd6 7. b3 0-0 8. Bd3 Qe7 9. Rc1 e5 10. dxe5 Nxe5 11. Nxe5 Qxe5 12. cxd5 Nxd5 13. Bb1 Re8 14. Nxd5 cxd5 15. Bc3 Qg5 16. Kf1 Bg4 17. h4 Qh5 18. Qd4 Be5 19. Qd2 Rac8 20. Bxe5 Rxc1+ 21. Qxc1 Qxe5 22. f3 Bd7 23. Kf2 d4 24. Re1 dxe3+ 25. Rxe3 Qd4 26. g3 Rxe3 27. Qxe3 Qb2+ 28. Qe2 Qxb1 29. g4 g6 30. h5 gxh5 31. gxh5 Qf5 32. Qd2 Bc6 33. Qd8+ Kg7 34. Qd4+ f6 35. h6+ Kxh6 36. Qe3+ Kh5 37. Kg3 Qxf3+ 38. Qxf3+ Bxf3 39. Kxf3 Kg5 40. b4 b5 41. a3 Kf5 0-1

[Event "Madrid Codes Memorial 7th"]
[Site "Madrid"]
[Date "2013.04.07"]
[Round "1"]
[White "Rodriguez Lopez, Canizares Francisco"]
[Black "Garcia De Quesada, Ignacio"]
[Result "0-1"]
[WhiteElo "1668"]
[BlackElo "1926"]
[PlyCount "88"]
[EventDate "2013.04.07"]
[EventType "swiss"]
[EventRounds "9"]
[EventCountry "ESP"]
[SourceTitle "EXT 2014"]
[Source "ChessBase"]
[SourceDate "2013.11.20"]
[SourceVersion "1"]
[SourceVersionDate "2013.11.20"]
[SourceQuality "1"]

1. e4 c5 2. Nc3 e6 3. f4 Nc6 4. Nf3 d6 5. Bb5 Bd7 6. 0-0 Nge7 7. d4 cxd4 8. Nxd4 a6 9. Be2 Nxd4 10. Qxd4 Nc6 11. Qf2 Be7 12. Be3 b5 13. a3 0-0 14. Rad1 Qb8 15. Qg3 Na5 16. Bd4 f6 17. e5 dxe5 18. fxe5 f5 19. Be3 Be8 20. Bf3 Bc6 21. Bxc6 Nxc6 22. Rd7 Rf7 23. Rdd1 Qxe5 24. Qf3 Bc5 25. Qxc6 Bxe3+ 26. Kh1 Rfa7 27. Rd6 Kf7 28. Rfd1 Re8 29. Rf1 Ree7 30. Rd8 Qc7 31. Qxc7 Raxc7 32. Rfd1 Bf4 33. Re1 Red7 34. Rxd7+ Rxd7 35. g3 Bg5 36. Rd1 Rxd1+ 37. Nxd1 Bc1 38. Kg2 e5 39. Kf3 e4+ 40. Ke2 Ke6 41. b3 Bxa3 42. c3 Bc1 43. Nf2 g5 44. Nd1 Ke5 0-1

[Event "Tres Cantos op 4th"]
[Site "Tres Cantos"]
[Date "2012.06.26"]
[Round "6"]
[White "Fernandez Munoz, Emiliano"]
[Black "Garcia De Quesada, Ignacio"]
[Result "0-1"]
[WhiteElo "2050"]
[BlackElo "1909"]
[PlyCount "80"]
[EventDate "2012.06.21"]
[EventType "swiss"]
[EventRounds "9"]
[EventCountry "ESP"]
[SourceTitle "CBM 149 Extra"]
[Source "ChessBase"]
[SourceDate "2012.08.24"]
[SourceVersion "1"]
[SourceVersionDate "2012.08.24"]
[SourceQuality "1"]

1. e4 c5 2. Nf3 Nc6 3. d4 cxd4 4. Nxd4 Nf6 5. Nc3 e5 6. Ndb5 d6 7. Nd5 Nxd5 8. exd5 Nb8 9. c4 a6 10. Nc3 Be7 11. Bd3 0-0 12. Qe2 f5 13. f3 Nd7 14. Be3 Bg5 15. 0-0-0 Bxe3+ 16. Qxe3 Nc5 17. Bc2 Qb6 18. Rhe1 a5 19. Na4 Nxa4 20. Bxa4 Qc7 21. Kb1 Qxc4 22. Bb3 Qb4 23. Rc1 a4 24. Bc4 f4 25. Qe2 a3 26. b3 Bf5+ 27. Bd3 Bxd3+ 28. Qxd3 Rac8 29. Re4 Rxc1+ 30. Kxc1 Qc5+ 31. Kd2 Qg1 32. Qe2 Qb1 33. Kc3 b5 34. Kb4 Rc8 35. Qxb5 Qxa2 36. Qb7 Rf8 37. Rc4 Qxg2 38. Rc7 a2 39. Qa7 Qd2+ 40. Rc3 Rc8 0-1